MARC details
| 000 -CABECERA |
| campo de control de longitud fija |
00953cam a2200241 a 4500 |
| 001 - NÚMERO DE CONTROL |
| campo de control |
000011523 |
| 005 - FECHA Y HORA DE LA ÚLTIMA TRANSACCIÓN |
| campo de control |
20200929162459.0 |
| 008 - DATOS DE LONGITUD FIJA--INFORMACIÓN GENERAL |
| campo de control de longitud fija |
710506s1968 xxca b 001 0 eng |
| 040 ## - FUENTE DE LA CATALOGACIÓN |
| Centro catalogador/agencia de origen |
DO-SdBNP |
| Lengua de catalogación |
spa |
| Centro/agencia transcriptor |
LC |
| Centro/agencia modificador |
BNPHU |
| 082 ## - NÚMERO DE LA CLASIFICACIÓN DECIMAL DEWEY |
| Número de clasificación |
620.1 |
| Número de documento/Ítem |
M486s |
| 049 ## - FONDOS LOCALES (OCLC) |
| Fondos de biblioteca |
BNGR |
| 245 00 - MENCIÓN DE TÍTULO |
| Título |
Mechanics of the solid state / |
| Mención de responsabilidad, etc. |
edición F. P. J. Rimrott y J. Schwaighofer. |
| 260 ## - PUBLICACIÓN, DISTRIBUCIÓN, ETC. |
| Lugar de publicación, distribución, etc. |
[Toronto] : |
| Nombre del editor, distribuidor, etc. |
University of Toronto Press, |
| Fecha de publicación, distribución, etc. |
1968. |
| 300 ## - DESCRIPCIÓN FÍSICA |
| Extensión |
277 p. : |
| Otras características físicas |
il. ; |
| Dimensiones |
25 cm. |
| 500 ## - NOTA GENERAL |
| Nota general |
"Las contribuciones que componen este volumen se dedica al profesor José Marín en ocasión de su sexagésimo cumpleaños en 1965." |
| 504 ## - NOTA DE BIBLIOGRAFÍA, ETC. |
| Nota de bibliografía, etc. |
Incluye bibliografías. |
| 650 #4 - PUNTO DE ACCESO ADICIONAL DE MATERIA--TÉRMINO DE MATERIA |
| Término de materia o nombre geográfico como elemento de entrada |
Materiales |
| 9 (RLIN) |
4274 |
| 600 10 - PUNTO DE ACCESO ADICIONAL DE MATERIA--NOMBRE DE PERSONA |
| Nombre de persona |
Marin, Joseph, |
| Fechas asociadas al nombre |
1905-1966. |
| 9 (RLIN) |
27254 |
| 700 1# - PUNTO DE ACCESO ADICIONAL--NOMBRE DE PERSONA |
| Nombre de persona |
Rimrott, F. P. J. |
| Forma completa/desarrollada del nombre |
(Friedrich Paul Johannes), |
| Fechas asociadas al nombre |
1927- |
| Término indicativo de función/relación |
ed. |
| 9 (RLIN) |
27255 |
| 700 1# - PUNTO DE ACCESO ADICIONAL--NOMBRE DE PERSONA |
| Nombre de persona |
Marin, Joseph, |
| Fechas asociadas al nombre |
1905-1966. |
| 9 (RLIN) |
27254 |
| 700 1# - PUNTO DE ACCESO ADICIONAL--NOMBRE DE PERSONA |
| Nombre de persona |
Schwaighofer, Joseph, |
| Fechas asociadas al nombre |
1924- |
| Término indicativo de función/relación |
ed. |
| 9 (RLIN) |
27256 |
| 910 ## - DATOS DE OPCIÓN DEL USUARIO (OCLC) |
| Datos de opción del usuario |
Catalogación por copia / LC |